Traditional Bemba foods and beverages (Record no. 81392)
[ view plain ]
| 000 -LEADER | |
|---|---|
| fixed length control field | 01443nam a2200241 a 4500 |
| 008 - FIXED-LENGTH DATA ELEMENTS--GENERAL INFORMATION | |
| fixed length control field | 090319s2003 ||||||||||||||||| || u |
| 020 ## - INTERNATIONAL STANDARD BOOK NUMBER | |
| International Standard Book Number | 9982030132 |
| 050 ## - LIBRARY OF CONGRESS CALL NUMBER | |
| Classification number | GN 657.B2 Kap |
| 100 ## - MAIN ENTRY--PERSONAL NAME | |
| Personal name | Kapwepwe, Mulenga M |
| 245 10 - TITLE STATEMENT | |
| Title | Traditional Bemba foods and beverages |
| Statement of responsibility, etc. | by Mulenga M. Kapwepwe |
| 260 ## - PUBLICATION, DISTRIBUTION, ETC. | |
| Place of publication, distribution, etc. | Lusaka: |
| Name of publisher, distributor, etc. | Mulenga M. Kapwepwe |
| Date of publication, distribution, etc. | 2003 |
| 300 ## - PHYSICAL DESCRIPTION | |
| Extent | 40p.: ill. |
| 350 ## - | |
| -- | 0.00 |
| 650 ## - SUBJECT ADDED ENTRY--TOPICAL TERM | |
| Topical term or geographic name entry element | BEMBAS--FOOD |
| 650 ## - SUBJECT ADDED ENTRY--TOPICAL TERM | |
| Topical term or geographic name entry element | FOOD |
| 650 ## - SUBJECT ADDED ENTRY--TOPICAL TERM | |
| Topical term or geographic name entry element | BEVERAGES |
| 995 ## - | |
| -- | MAIN LIBRARY OPEN ACCESS |
| -- | 743923 |
| -- | CBU-MAIN LIBRARY (Kitwe) |
| -- | 0.00 |
| -- | GN 657.B2 Kap |
| -- | 2 |
| -- | AVAILABLE |
| -- | Jun 27, 2013 |
| -- | 743923 |
| -- | Main Library Open Access Collection |
| 995 ## - | |
| -- | MAIN LIBRARY OPEN ACCESS |
| -- | 743926 |
| -- | CBU-MAIN LIBRARY (Kitwe) |
| -- | 0.00 |
| -- | GN 657.B2 Kap |
| -- | 5 |
| -- | AVAILABLE |
| -- | Jun 27, 2013 |
| -- | 743926 |
| -- | Main Library Open Access Collection |
| 995 ## - | |
| -- | SPECIAL COLLECTIONS |
| -- | 0.00 |
| -- | 739845 |
| -- | CBU-MAIN LIBRARY (Kitwe) |
| -- | 1 |
| -- | 0.00 |
| -- | ZAM GN 657.B2 Kap |
| -- | 1 |
| -- | AVAILABLE |
| -- | May 19, 2009 |
| -- | 739845 |
| -- | Zambiana Collection |
| 995 ## - | |
| -- | MAIN LIBRARY OPEN ACCESS |
| -- | 743924 |
| -- | CBU-MAIN LIBRARY (Kitwe) |
| -- | 0.00 |
| -- | GN 657.B2 Kap |
| -- | 3 |
| -- | AVAILABLE |
| -- | Jun 27, 2013 |
| -- | 743924 |
| -- | Main Library Open Access Collection |
| 995 ## - | |
| -- | MAIN LIBRARY OPEN ACCESS |
| -- | 743925 |
| -- | CBU-MAIN LIBRARY (Kitwe) |
| -- | 0.00 |
| -- | GN 657.B2 Kap |
| -- | 4 |
| -- | AVAILABLE |
| -- | Jun 27, 2013 |
| -- | 743925 |
| -- | Main Library Open Access Collection |
| 995 ## - | |
| -- | SPECIAL COLLECTIONS |
| -- | 743927 |
| -- | CBU-MAIN LIBRARY (Kitwe) |
| -- | 0.00 |
| -- | ZAM GN 657.B2 Kap |
| -- | 6 |
| -- | AVAILABLE |
| -- | Jun 27, 2013 |
| -- | 743927 |
| -- | Zambiana Collection |
| 999 ## - | |
| -- | 81392 |
| -- | 81392 |
| Withdrawn status | Lost status | Source of classification or shelving scheme | Damaged status | Not for loan | Permanent Location | Current Location | Shelving location | Date acquired | Total Checkouts | Full call number | Barcode | Date last seen | Copy number | Price effective from | Koha item type |
|---|---|---|---|---|---|---|---|---|---|---|---|---|---|---|---|
| CBU-MAIN LIBRARY, KITWE. | CBU-MAIN LIBRARY, KITWE. | 08/18/2023 | GN 657.B2 Kap | 743923 | 08/18/2023 | 1 | 08/18/2023 | MONOGRAPH | |||||||
| CBU-MAIN LIBRARY, KITWE. | CBU-MAIN LIBRARY, KITWE. | 08/18/2023 | GN 657.B2 Kap | 743926 | 08/18/2023 | 2 | 08/18/2023 | MONOGRAPH | |||||||
| CBU-MAIN LIBRARY, KITWE. | CBU-MAIN LIBRARY, KITWE. | 08/18/2023 | GN 657.B2 Kap | 739845 | 08/18/2023 | 3 | 08/18/2023 | SPECIAL COLLECTION | |||||||
| CBU-MAIN LIBRARY, KITWE. | CBU-MAIN LIBRARY, KITWE. | 08/18/2023 | GN 657.B2 Kap | 743924 | 08/18/2023 | 4 | 08/18/2023 | MONOGRAPH | |||||||
| CBU-MAIN LIBRARY, KITWE. | CBU-MAIN LIBRARY, KITWE. | 08/18/2023 | GN 657.B2 Kap | 743925 | 08/18/2023 | 5 | 08/18/2023 | MONOGRAPH | |||||||
| CBU-MAIN LIBRARY, KITWE. | CBU-MAIN LIBRARY, KITWE. | 08/18/2023 | GN 657.B2 Kap | 743927 | 08/18/2023 | 6 | 08/18/2023 | SPECIAL COLLECTION |